Collins Portuguese dictionary / (Record no. 343)

MARC details
000 -LEADER
fixed length control field 00979cam a2200277 a 4500
005 - DATE AND TIME OF LATEST TRANSACTION
control field 20120222130651.0
008 - FIXED-LENGTH DATA ELEMENTS--GENERAL INFORMATION
fixed length control field 050425s2005 stk d 000 0 eng
015 ## - NATIONAL BIBLIOGRAPHY NUMBER
National bibliography number GBA502346
Source bnb
016 7# - NATIONAL BIBLIOGRAPHIC AGENCY CONTROL NUMBER
Record control number 013079657
Source Uk
020 ## - INTERNATIONAL STANDARD BOOK NUMBER
International Standard Book Number 0007196431
020 ## - INTERNATIONAL STANDARD BOOK NUMBER
International Standard Book Number 9780007196432
035 ## - SYSTEM CONTROL NUMBER
System control number (OCoLC)60370236
041 0# - LANGUAGE CODE
Language code of text/sound track or separate title eng
-- por
050 ## - LIBRARY OF CONGRESS CALL NUMBER
Classification number REF PC5333 .W45
Item number .W45
082 04 - DEWEY DECIMAL CLASSIFICATION NUMBER
Classification number 469.321
Edition number 22
245 00 - TITLE STATEMENT
Title Collins Portuguese dictionary /
Statement of responsibility, etc [contributors, John Whitlam ... [et al.]].
246 14 - VARYING FORM OF TITLE
Title proper/short title Collins Portuguese dictionary express
246 30 - VARYING FORM OF TITLE
Title proper/short title Portuguese dictionary express
260 ## - PUBLICATION, DISTRIBUTION, ETC. (IMPRINT)
Place of publication, distribution, etc Glasgow :
Name of publisher, distributor, etc HarperCollins,
Date of publication, distribution, etc 2005.
300 ## - PHYSICAL DESCRIPTION
Extent xxiv, 615 p. ;
Dimensions 16 cm.
650 #0 - SUBJECT ADDED ENTRY--TOPICAL TERM
Topical term or geographic name as entry element English language
Form subdivision Dictionaries
General subdivision Portuguese.
9 (RLIN) 4312
650 #0 - SUBJECT ADDED ENTRY--TOPICAL TERM
Topical term or geographic name as entry element Portuguese language
Form subdivision Dictionaries
General subdivision English.
9 (RLIN) 4313
700 1# - ADDED ENTRY--PERSONAL NAME
Personal name Whitlam, John.
9 (RLIN) 4314
942 ## - ADDED ENTRY ELEMENTS (KOHA)
Source of classification or shelving scheme Library of Congress Classification
Koha item type Books
Holdings
Home library Current library Shelving location Date acquired Full call number Barcode Koha item type
African Court on Human and Peoples' Rights Library African Court on Human and Peoples' Rights Library   27/08/2010 REF PC5333 .W45 10000240 Books

African Court on Human and Peoples' Rights | For Inquiries Contact » +255 272 510 510